000 01055nam a2200217Ia 4500
003 Ost
005 20260507075116.0
008 260507s9999||||xx |||||||||||||| ||und||
040 _cfsecg
041 _aara
082 _a510.1
100 _aعبد ربه، ابراهيم على ابراهيم
_eمؤلف
245 0 _aأساسيات الرياضيات البحتة والمالية /
_c ابراهيم على ابراهيم عبد ربه
260 _aالإسكندرية:
_bالدار الجامعية,
_c2004
300 _a376 صفحة؛
_bإيضاحات ؛
_c25 سم
520 _aأساسيات الرياضيات البحتة- رياضيات التمويل والإستثمار- المتواليات والمتسلسلات- التبادل والتوافق ونظرية ذات الحدين- المحددات- المصفوفات- الدوال والنهايات- التفاضل- التكامل
653 _aالرياضيات
653 _aالرياضيات البحتة
653 _aالرياضيات المالية
942 _cكتاب
999 _c43015
_d43015